The Code of Criminal Procedure : (Act V of 1898) as amended up-to-date (Record no. 540965)
[ view plain ]
| 000 -LEADER | |
|---|---|
| fixed length control field | 00363nam a22001217a 4500 |
| 082 ## - DEWEY DECIMAL CLASSIFICATION NUMBER | |
| Classification number | 345.5491 MAH |
| 100 ## - MAIN ENTRY--PERSONAL NAME | |
| Personal name | Shaukat Mahmood |
| 245 ## - TITLE STATEMENT | |
| Title | The Code of Criminal Procedure : (Act V of 1898) as amended up-to-date |
| 260 ## - PUBLICATION, DISTRIBUTION, ETC. | |
| Place of publication, distribution, etc. | Lahore |
| Name of publisher, distributor, etc. | Legal Research Centre |
| Date of publication, distribution, etc. | 2018 |
| 300 ## - PHYSICAL DESCRIPTION | |
| Extent | 4626p |
| 942 ## - ADDED ENTRY ELEMENTS (KOHA) | |
| Source of classification or shelving scheme | |
| Koha item type | Book |
| Withdrawn status | Lost status | Source of classification or shelving scheme | Damaged status | Not for loan | Permanent Location | Current Location | Date acquired | Full call number | Barcode | Date last seen | Price effective from | Koha item type |
|---|---|---|---|---|---|---|---|---|---|---|---|---|
| NUST Law School (NLS) | NUST Law School (NLS) | 11/13/2020 | 345.5491 MAH | CL-434 | 11/13/2020 | 11/13/2020 | Reference |
